فاعلية الرقابة القانونية علي البنوك في ظل قانون (194) لسنة 2020 / (Record no. 68440)
[ view plain ]
| 000 -LEADER | |
|---|---|
| fixed length control field | 05001nam a2200457 i 4500 |
| 003 - CONTROL NUMBER IDENTIFIER | |
| control field | EG-GICUC |
| 005 - أخر تعامل مع التسجيلة | |
| control field | 20260402133154.0 |
| 008 - FIXED-LENGTH DATA ELEMENTS--GENERAL INFORMATION | |
| fixed length control field | 260402s2026 ua |||f m||| 00| 0 ara d |
| 040 ## - CATALOGING SOURCE | |
| Original cataloguing agency | EG-GICUC |
| Transcribing agency | EG-GICUC |
| Modifying agency | EG-GICUC |
| Description conventions | rda |
| Language of cataloging: | ara |
| 041 0# - LANGUAGE CODE | |
| Language code of text/sound track or separate title | ara |
| Language code of summary or abstract | ara |
| Language code of sung or spoken text | ara |
| 049 ## - Acquisition Source | |
| Acquisition Source | إهداء |
| 082 04 - DEWEY DECIMAL CLASSIFICATION NUMBER | |
| Classification number | 347.6 |
| Edition number | 21 |
| 097 ## - Degree | |
| Degree | Ph.D |
| 099 ## - LOCAL FREE-TEXT CALL NUMBER (OCLC) | |
| Local Call Number | Law 05 PHD 2026 |
| 100 0# - MAIN ENTRY--PERSONAL NAME | |
| Authority record control number or standard number | عصام قرني يس أحمد |
| Preparation | مؤلف. |
| 245 10 - TITLE STATEMENT | |
| Title | فاعلية الرقابة القانونية علي البنوك في ظل قانون (194) لسنة 2020 / |
| Statement of responsibility, etc. | إعداد عصام قرني يس أحمد؛ إشراف الأستاذ الدكتور خليل فيكتور تادرس. |
| 264 #0 - PRODUCTION, PUBLICATION, DISTRIBUTION, MANUFACTURE, AND COPYRIGHT NOTICE | |
| Place of production, publication, distribution, manufacture | القاهرة: |
| Name of producer, publisher, distributor, manufacturer | كلية الحقوق- جامعة القاهرة، |
| Date of production, publication, distribution, manufacture, or copyright notice | 2026. |
| 300 ## - PHYSICAL DESCRIPTION | |
| Extent | 490 صفحة؛ |
| Dimensions | 25 سم. |
| 336 ## - CONTENT TYPE | |
| Content type term | text |
| Source | rda content |
| 337 ## - MEDIA TYPE | |
| Media type term | Computer |
| Source | rda media |
| 338 ## - CARRIER TYPE | |
| Carrier type term | Online Resource |
| Source | rda carrier |
| 502 ## - DISSERTATION NOTE | |
| Dissertation note | أطروحة (دكتوراة)- جامعة القاهرة، كلية الحقوق، قسم القانون التجاري، 2026. |
| 504 ## - BIBLIOGRAPHY, ETC. NOTE | |
| Bibliography, etc. note | ببليوجرافيا: صفحات 442-464 |
| 520 3# - SUMMARY, ETC. | |
| Summary, etc. | تهدف هذه الدراسة إلى تحليل مدى فاعلية الرقابة القانونية على البنوك في مصر في ظل أحكام قانون البنك المركزي والجهاز المصرفي الصادر بالقانون رقم ١٩٤ لسنة ٢٠٣٠، وذلك الاستقرار المالي وضمان سلامة الجهاز المصرفي. من خلال دراسة الإطار التشريعي المنظم للعمل المصرفي، وبيان مدى قدرته على تحقيق<br/><br/>وتتناول الرسالة مفهوم الرقابة القانونية على البنوك وأهميتها، باعتبارها أداة أساسية لحماية الاقتصاد القومي، والحفاظ على حقوق المودعين، وتعزيز الثقة في النظام المصرفي. كما تستعرض الدراسة تطور التشريعات المصرفية في مصر، وصولا إلى القانون الحالي، مع بيان أبرز ما استحدثه من قواعد وآليات رقابية حديثة.<br/><br/>وتعتمد الدراسة على المنهج التحليلي من خلال تحليل نصوص القانون رقم ١٩٤ لسنة ٢٠٢٠، وكذلك المنهج المقارن عبر الاستفادة من بعض التجارب الدولية في مجال الرقابة المصرفية، لاسيما النماذج التي تطبق رقابة فعالة ومتطورة، بهدف استخلاص أفضل الممارسات التي يمكن الاسترشاد بها في البيئة المصرية.<br/><br/>وقد توصلت الدراسة إلى أن القانون قد عزز من سلطات البنك المركزي المصري في مجال الرقابة والإشراف على البنوك، ومنحه أدوات قانونية أكثر فعالية، مثل الرقابة المسبقة واللاحقة، والتدخل المبكر لمعالجة الأزمات المصرفية، بالإضافة إلى وضع قواعد حوكمة أكثر صرامة. ومع ذلك، كشفت الدراسة عن بعض التحديات العملية التي قد تؤثر على فعالية التطبيق، مثل الحاجة إلى مزيد من الشفافية، وتطوير الكوادر الرقابية، وتعزيز التنسيق بين الجهات الرقابية المختلفة.<br/><br/>وتوصي الرسالة بضرورة دعم استقلال البنك المركزي، وتحديث آليات الرقابة بما يتوافق مع المعايير الدولية، مع التركيز على استخدام التكنولوجيا في الرقابة (الرقابة الرقمية)، وتفعيل مبدأ المساءلة، بما يسهم في تحقيق رقابة قانونية فعالة ومستدامة على البنوك، ويعزز من استقرار النظام المالي في مصر.<br/> |
| 546 ## - LANGUAGE NOTE | |
| Text Language | النص بالعربية والملخص باللغة الإنجليزية والعربية. |
| 650 04 - SUBJECT ADDED ENTRY--TOPICAL TERM | |
| Topical term or geographic name entry element | القانون التجاري |
| 653 #0 - INDEX TERM--UNCONTROLLED | |
| Uncontrolled term | المشرع المصري |
| 653 #0 - INDEX TERM--UNCONTROLLED | |
| Uncontrolled term | تعليمات لجنة بازل |
| 653 #0 - INDEX TERM--UNCONTROLLED | |
| Uncontrolled term | القانون الأمريكي |
| 653 #0 - INDEX TERM--UNCONTROLLED | |
| Uncontrolled term | القانون الإنجليزي |
| 653 #0 - INDEX TERM--UNCONTROLLED | |
| Uncontrolled term | القانون المصري |
| 653 #0 - INDEX TERM--UNCONTROLLED | |
| Uncontrolled term | البنك المركزي |
| 653 #0 - INDEX TERM--UNCONTROLLED | |
| Uncontrolled term | الرقابة القانونية علي البنوك |
| 655 #4 - INDEX TERM--GENRE/FORM | |
| Genre/form data or focus term | رسائل جامعية |
| Geographic subdivision | جامعة القاهرة |
| General subdivision | القانون التجاري |
| 700 0# - ADDED ENTRY--PERSONAL NAME | |
| Personal name | خليل فيكتور تادرس |
| Relator term | مشرف. |
| 710 2# - ADDED ENTRY--CORPORATE NAME | |
| Corporate name or jurisdiction name as entry element | جامعة القاهرة. |
| Subordinate unit | كلية الحقوق |
| 856 ## - ELECTRONIC LOCATION AND ACCESS | |
| Uniform Resource Identifier | <a href="https://fll.law.cu.edu.eg/fulltext/th/T05-02877.pdf">https://fll.law.cu.edu.eg/fulltext/th/T05-02877.pdf</a> |
| 900 ## - Thesis Information | |
| Grant date | 2026 |
| Universities | جامعة القاهرة |
| Faculties | كلية الحقوق |
| Department | قسم القانون التجاري |
| 905 ## - Cataloger and Reviser Names | |
| Cataloger Name: | Hoda |
| 942 ## - ADDED ENTRY ELEMENTS (KOHA) | |
| Source of classification or shelving scheme | Dewey Decimal Classification |
| Koha item type | Thesis |
| Edition | 21 |
| Suppress in OPAC | No |
| Source of classification or shelving scheme | Collection | Home library | Current library | Date acquired | Full call number | Barcode | Date last seen | Copy number | Effective from | Koha item type |
|---|---|---|---|---|---|---|---|---|---|---|
| Dewey Decimal Classification | القانون التجاري | جــــامعة القــاهرة | مكتبة كلية الحقوق - المبنى الرئيسي | 02.04.2026 | Law1 05 PHD 2026 0502877 C1 | T05-02877 | 02.04.2026 | 1 | 02.04.2026 | Thesis |
| Dewey Decimal Classification | القانون التجاري | جــــامعة القــاهرة | مكتبة كلية الحقوق - المبنى الرئيسي | 02.04.2026 | Law1 05 PHD 2026 0502878 C2 | T05-02878 | 02.04.2026 | 2 | 02.04.2026 | Thesis |
| Dewey Decimal Classification | القانون التجاري | جــــامعة القــاهرة | مكتبة كلية الحقوق - فـرع الشيخ زايد | 02.04.2026 | Law2 05 PHD 2026 0502879 C3 | T05-02879 | 02.04.2026 | 3 | 02.04.2026 | Thesis |